000
00279nam a2200109Ia 4500
001
1275993
005
20260417160438.0
008
260417s9999 xx 000 0 und d
020
_a
9786258486681
245
0
_a
Kıpır Kıpır Kıpırdak
_c
Jeanne Willis
260
_b
Ketebe Çocuk
999
_c
1275993
_d
1275993